Normal view MARC view

Entry Personal Name

Number of records used in: 1

001 - CONTROL NUMBER

  • control field: 9148

003 - CONTROL NUMBER IDENTIFIER

  • control field: DLC

005 - DATE AND TIME OF LATEST TRANSACTION

  • control field: 20221003140344.0

008 - FIXED-LENGTH DATA ELEMENTS

  • fixed length control field: 070205n| acannaabn |n aaa

010 ## - LIBRARY OF CONGRESS CONTROL NUMBER

  • LC control number: n 2007180567

035 ## - SYSTEM CONTROL NUMBER

  • System control number: (DNLM)1377380

040 ## - CATALOGING SOURCE

  • Original cataloging agency: DNLM
  • Language of cataloging: eng
  • Transcribing agency: DNLM

100 1# - HEADING--PERSONAL NAME

  • Personal name: Simjee, Shabbir

670 ## - SOURCE DATA FOUND

  • Source citation: Foodborne diseases, c2007:
  • Information found: E-CIP t.p. (Shabbir Simjee, PhD; US Food and Drug Administration, Laurel, MD; Eli Lilly, Elanco Animal Health, Basingstoke, Hampshire, United Kingdom)

Powered by Koha